Statistics for Countries By Border #2

Click here to take the quiz!

General Stats

  • This quiz has been taken 1,814 times
    (1,804 since last reset)
  • The average score is 11 of 11

Answer Stats

Border Countries Answer % Correct
Sweden, Finland, and RussiaNorway
99%
Oman and Saudi ArabiaYemen
99%
Italy, France, Austria, Germany, and LiechtsteinSwitzerland
99%
Malaysia, East Timor, Papua New GuineaIndonesia
98%
Estonia, Lithuania, Russia, and BelarusLatvia
98%
Argentina, Bolivia, and PeruChile
98%
Slovenia, Switzerland, Austria, France, San Marino, and Vatican CityItaly
98%
Germany, Poland, Austria, and SlovakiaCzech Republic
97%
Croatia, Montenegro, and SerbiaBosnia
96%
Mozambique, Zambia, Botswana, and South AfricaZimbabwe
92%
Cameroon and GabonEquatorial Guinea
78%

Score Distribution

Percentile by Number Answered

Percent of People with Each Score

Your Score History

You have not taken this quiz since the last reset